Modeling Financial Surplus of the Housing Projects Developer
Návrh na dynamický model procesu finančného prebytku. Model zohľadňuje štruktúru platobných platieb a náhodnú povahu procesu predaja nehnuteľností (zložený proces Poisson: moment predaja a predajnej ceny), predvídateľné a nepredvídateľné výdavky. Simulácie Monte Carla boli vykonané za účelom zaveden...
Salvato in:
| Autore principale: | |
|---|---|
| Altri autori: | |
| Natura: | Capitolo di libro |
| Lingua: | inglese |
| Soggetti: | |
| Tags: |
Nessun Tag, puoi essere il primo ad aggiungerne!!
|
MARC
| LEADER | 00000nla a2200000 4500 | ||
|---|---|---|---|
| 001 | 0242469 | ||
| 005 | 20240416111823.5 | ||
| 041 | 0 | |a eng | |
| 044 | |a CZ | ||
| 245 | 1 | 0 | |a Modeling Financial Surplus of the Housing Projects Developer |c Tadeusz Czernik, Daniel Iskra |
| 520 | |a Návrh na dynamický model procesu finančného prebytku. Model zohľadňuje štruktúru platobných platieb a náhodnú povahu procesu predaja nehnuteľností (zložený proces Poisson: moment predaja a predajnej ceny), predvídateľné a nepredvídateľné výdavky. Simulácie Monte Carla boli vykonané za účelom zavedenia tohto modelu. | ||
| 610 | 2 | 0 | |a nehnuteľnosti |
| 610 | 2 | 0 | |a modely matematické |
| 610 | 2 | 0 | |a simulácia |
| 610 | 2 | 0 | |a simulácia stochastická |
| 610 | 2 | 0 | |a projekty |
| 610 | 2 | 0 | |a predaj |
| 610 | 2 | 0 | |a bývanie |
| 100 | 1 | |a Czernik, Tadeusz | |
| 700 | 1 | |a Iskra, Daniel | |